Global market perspective (Record no. 83345)

MARC details
000 -LEADER
fixed length control field 01122cad a22002295a 4500
001 - CONTROL NUMBER
control field L153630
008 - FIXED-LENGTH DATA ELEMENTS--GENERAL INFORMATION
fixed length control field 110811s2011 xxk 000 0 eng d
035 ## - SYSTEM CONTROL NUMBER
System control number (Sirsi) u153630
041 0# - LANGUAGE CODE
Language code of text/sound track or separate title eng
110 2# - MAIN ENTRY--CORPORATE NAME
Corporate name or jurisdiction name as entry element Jones Lang LaSalle
9 (RLIN) 3755
245 00 - TITLE STATEMENT
Title Global market perspective
Remainder of title third quarter 2011
260 ## - PUBLICATION, DISTRIBUTION, ETC.
Place of publication, distribution, etc. [S.l.]
Name of publisher, distributor, etc. Jones Lang LaSalle
Date of publication, distribution, etc. 2011
490 ## - SERIES STATEMENT
Series statement Jones Lang LaSalle Global Market Perspective Global Foresight Series
Volume/sequential designation Q3 2011-
520 ## - SUMMARY, ETC.
Summary, etc. Comprehensive overview of the global real estate market covering the global economy, global property capital and leasing markets outlook, global real estate health monitor, real estate capital, corporate occupiers, office, retail, industrial warehousing, hotels, and residential markets, with recent key transactions.
590 ## - LOCAL NOTE (RLIN)
Local note KA NTK
650 24 - SUBJECT ADDED ENTRY--TOPICAL TERM
Topical term or geographic name entry element JONES LANG LASALLE GLOBAL MARKET PERSPECTIVE
651 #4 - SUBJECT ADDED ENTRY--GEOGRAPHIC NAME
Geographic name International
690 ## - LOCAL SUBJECT ADDED ENTRY--TOPICAL TERM (OCLC, RLIN)
Topical term or geographic name as entry element PROPERTY-PROPERTY FINANCE AND INVESTMENT
690 ## - LOCAL SUBJECT ADDED ENTRY--TOPICAL TERM (OCLC, RLIN)
Topical term or geographic name as entry element PROPERTY-PROPERTY MARKET
856 40 - ELECTRONIC LOCATION AND ACCESS
Uniform Resource Identifier <a href="https://www.jll.com/research/16/global-market-perspective-q3-2011">https://www.jll.com/research/16/global-market-perspective-q3-2011</a>
Public note View the report free of charge at www.jll.com.
942 ## - ADDED ENTRY ELEMENTS (KOHA)
Suppress in OPAC 0
Holdings
Withdrawn status Lost status Source of classification or shelving scheme Damaged status Not for loan Home library Current library Shelving location Date acquired Total Checkouts Full call number Barcode Date last seen Copy number Price effective from Koha item type
    Dewey Decimal Classification     Virtual Virtual Online 11/08/2011   ONLINE PUBLICATION 153630-2001 06/08/2019 1 06/08/2019 Book